000 00534nam a2200217Ia 4500
003 OSt
005 20220928144752.0
006 a|||||r|||| 00| 0
007 ta
008 220927b |||||||| |||| 00| 0 eng d
024 _a76049
037 _cTextual
040 _aSDCL
_cSDCL
_beng
041 _2eng
_aeng
082 _aQ1:24, M0
100 _aChakravarti S C
_9509667
245 0 _aPhilosophy of the Upanishads.
260 _c1980
942 _hQ1:24, M0
_cTEXL
_2CC
999 _c829644
_d829644